| 000 | 00625nam a2200181 u 4500 | ||
|---|---|---|---|
| 001 | 000234522 | ||
| 003 | AM-YeHGA | ||
| 005 | 20250618071602.0 | ||
| 008 | 030502s1945 ai r 000 0 arm d | ||
| 040 | _aAM-YeHGA | ||
| 100 | 1 |
_aՀայրապետյան, Հայրապետ Սարդարի, _d1874-1962 _91697 |
|
| 245 | 1 | 0 |
_aԸնթերցարան առաջին դասարանի համար / _cՀ. Հայրապետյան. |
| 250 | _a5-րդ հրատ. | ||
| 260 |
_aԵրևան : _bՀայպետհրատ, _c1945. |
||
| 300 |
_a82 էջ : _bնկ. ; _c20 սմ. |
||
| 650 | 1 | 4 |
_aՀայոց լեզու _vԴասագիրք _95515 |
| 090 | _c84136 | ||
| 999 |
_c82862 _d82862 |
||